000 00539nam a2200181 a 4500
001 0239
005 20140414131848.0
008 040902s19uu xx 00 eng d
020 _a0-7253-1003-0
050 _aM 591.57
_bAn3 1989
100 _aAndersen, Honey
245 _aKeeping small animals /
_cby Honey Andersen and Julia Boland ; illustrated by Annette Dowd.
260 _aAustralia :
_bBookshelf Publishing Australia,
_c1989.
300 _a56 p. ; ill.
650 _aProtective adaptation
999 _c110052
_d110052